[Event "CSS Freestyle 8th"]
[Site "playchess.com"]
[Date "2008.04.11"]
[Round "3"]
[White "Etaoin Shrdlu"]
[Black "Abeljusto"]
[Result "1-0"]
[WhiteElo "2498"]
[BlackElo "2432"]
[PlyCount "121"]
[EventDate "2008.04.11"]

1. e4 {4} c5 {19} 2. Nf3 {3} Nc6 {12} 3. Nc3 {86} e6 {29} 4. d4 {147} cxd4 {14}
5. Nxd4 {3} Nf6 {10} 6. Nxc6 {42} bxc6 {14} 7. e5 {8} Nd5 {24} 8. Ne4 {15} Qc7
{34} 9. f4 {10} Qb6 {53} 10. c4 {28} Ne3 {432} 11. Qd3 {8} Bb4+ {47} 12. Bd2 {9
} O-O {168} 13. Rc1 {44} a5 {440} 14. Bxb4 {19} Qxb4+ {10} 15. Qc3 {419} f5 {
319} 16. a3 {10} Qxc3+ {58} 17. Nxc3 {0} g5 {83} 18. g3 {7} Rb8 {75} 19. Na4 {7
} Rb3 {106} 20. Kd2 {313} gxf4 {65} 21. gxf4 {69} Kf7 {61} 22. Bd3 {36} Ng2 {51
} 23. Rcf1 {181} Rg8 {10} 24. Rf2 {192} Nh4 {10} 25. Kc2 {34} Rb8 {27} 26. c5 {
265} Rg2 {69} 27. Rhf1 {15} Bb7 {36} 28. Nb6 {28} Rbg8 {32} 29. Nc4 {331} Ke7 {
153} 30. Nxa5 {127} Nf3 {62} 31. Kc3 {98} Nxh2 {33} 32. Rxg2 {82} Rxg2 {5} 33.
Rh1 {7} Bc8 {26} 34. Nc4 {10} Kd8 {51} 35. a4 {610} h6 {353} 36. Ne3 {127} Rg3
{334} 37. Nxf5 {9} exf5 {4} 38. Rxh2 {3} Ba6 {5} 39. Rd2 {34} h5 {18} 40. Kd4 {
28} Bxd3 {17} 41. Rxd3 {5} Rg4 {6} 42. Rf3 {127} h4 {8} 43. a5 {147} Kc7 {56}
44. e6 {22} dxe6 {25} 45. b4 {32} Kd7 {198} 46. a6 {31} Kc7 {11} 47. Rf1 {19}
h3 {17} 48. Ke5 {39} h2 {43} 49. Rh1 {12} Rh4 {98} 50. a7 {42} Kb7 {8} 51. Kd6
{4} Rh8 {36} 52. a8=Q+ {30} Kxa8 {14} 53. Kxc6 {38} Kb8 {10} 54. b5 {19} Rh6 {
29} 55. Kd6 {128} Ka7 {11} 56. Kc7 {49} Rh7+ {11} 57. Kc8 {4} Rh8+ {11} 58. Kd7
{7} Rh3 {19} 59. b6+ {118} Kb8 {23} 60. c6 {13} Rd3+ {26} 61. Kxe6 {
Abeljusto rinde (Lag: Av=0.51s, max=1.4s) 20} 1-0

[Event "CSS Freestyle 8th"]
[Site "playchess.com"]
[Date "2008.04.11"]
[Round "3"]
[White "Ciron"]
[Black "Ozymandias"]
[Result "1-0"]
[WhiteElo "2518"]
[BlackElo "2372"]
[PlyCount "123"]
[EventDate "2008.04.11"]

1. e4 {145} e5 {4} 2. Nf3 {58} Nf6 {6} 3. d4 {73} Nxe4 {4} 4. Bd3 {19} d5 {26}
5. Nxe5 {63} Nd7 {8} 6. O-O {111} Nxe5 {216} 7. dxe5 {6} Nc5 {2} 8. Be2 {111}
c6 {172} 9. Be3 {64} Ne6 {285} 10. Re1 {354} d4 {284} 11. Bc1 {122} Be7 {67}
12. Nd2 {62} O-O {93} 13. Ne4 {275} Nc5 {100} 14. Nxc5 {93} Bxc5 {3} 15. Bd3 {2
} Be6 {420} 16. Qf3 {260} Be7 {320} 17. Bh6 {282} Re8 {98} 18. Qe4 {17} g6 {3}
19. Qf4 {9} a6 {314} 20. b3 {123} Rc8 {36} 21. Rad1 {209} c5 {16} 22. Be4 {35}
Qc7 {218} 23. h4 {103} Bf8 {Ciron reconnected. 165} 24. Bxf8 {199} Rxf8 {2} 25.
h5 {59} f5 {5} 26. Bf3 {64} Qg7 {4} 27. c3 {232} g5 {35} 28. Qd2 {13} Rfd8 {34}
29. cxd4 {37} cxd4 {141} 30. h6 {37} Qe7 {33} 31. Rc1 {27} Kf8 {238} 32. Be2 {
80} Rxc1 {103} 33. Rxc1 {5} g4 {60} 34. Bd3 {38} Kf7 {46} 35. Qf4 {29} Kg6 {51}
36. Qxg4+ {24} Qg5 {4} 37. Qxg5+ {37} Kxg5 {14} 38. g3 {10} Kxh6 {14} 39. f4 {
210} Kg6 {91} 40. Rc7 {204} Rd7 {58} 41. Rc8 {19} Kg7 {37} 42. Kf2 {20} h6 {53}
43. Ke2 {24} Kf7 {22} 44. Kd2 {35} Kg7 {2} 45. Bc4 {78} Bxc4 {1} 46. bxc4 {9}
d3 {21} 47. c5 {35} h5 {1} 48. Rb8 {64} a5 {89} 49. Ra8 {17} Kf7 {41} 50. Rh8 {
28} Rd4 {65} 51. Rh7+ {28} Ke6 {20} 52. Rxb7 {11} Ra4 {104} 53. c6 {11} Rxa2+ {
6} 54. Kxd3 {11} Ra1 {3} 55. Kc2 {19} Ra4 {12} 56. Rb3 {15} Ke7 {92} 57. Rd3 {4
} Rb4 {42} 58. c7 {15} Rc4+ {27} 59. Rc3 {3} Rxc3+ {9} 60. Kxc3 {4} Kd7 {6} 61.
Kc4 {10} Kxc7 {50} 62. Kb5 {Time (Lag: Av=0.26s, max=1.1s) 11} 1-0

[Event "CSS Freestyle 8th"]
[Site "playchess.com"]
[Date "2008.04.11"]
[Round "3"]
[White "Croberson"]
[Black "Paganel01"]
[Result "1/2-1/2"]
[WhiteElo "2431"]
[BlackElo "2445"]
[PlyCount "128"]
[EventDate "2008.04.11"]

1. d4 {69} Nf6 {9} 2. c4 {10} e6 {15} 3. Nf3 {71} b6 {94} 4. g3 {26} Ba6 {44}
5. b3 {49} Bb4+ {42} 6. Bd2 {36} Qe7 {104} 7. Nc3 {114} Bb7 {158} 8. Bg2 {163}
Ne4 {268} 9. Nxe4 {157} Bxe4 {9} 10. O-O {22} O-O {159} 11. Bxb4 {213} Qxb4 {7}
12. Ng5 {107} Bxg2 {73} 13. Kxg2 {15} Qe7 {68} 14. Qd2 {169} Re8 {159} 15. e4 {
164} d6 {232} 16. f4 {233} h6 {69} 17. Nf3 {47} Nd7 {44} 18. Rad1 {170} Rad8 {
282} 19. Qc3 {165} e5 {145} 20. fxe5 {383} dxe5 {6} 21. d5 {225} Qa3 {385} 22.
Nh4 {60} Nc5 {146} 23. Qf3 {180} Rd7 {446} 24. Rf2 {357} f6 {264} 25. Nf5 {35}
Kh7 {12} 26. Ne3 {156} a5 {52} 27. Nf5 {56} Red8 {94} 28. Rb1 {111} Qb4 {70}
29. Ne3 {151} Nb7 {17} 30. Qf5+ {59} Kh8 {26} 31. Nc2 {42} Qc5 {45} 32. Re2 {43
} Nd6 {38} 33. Qf2 {30} Qxf2+ {30} 34. Kxf2 {3} a4 {73} 35. Nb4 {45} Ra8 {12}
36. Ke3 {44} Rdd8 {42} 37. Rc2 {31} axb3 {34} 38. axb3 {8} h5 {34} 39. Rcc1 {32
} Ra3 {28} 40. Nc2 {18} Ra2 {13} 41. Kd3 {19} Rda8 {26} 42. Ra1 {41} g6 {20}
43. Rxa2 {19} Rxa2 {5} 44. Ra1 {9} Rxa1 {16} 45. Nxa1 {2} Kg7 {
Paganel01 offers a draw 16} 46. Nc2 {17} f5 {21} 47. exf5 {29} gxf5 {8} 48. b4
{27} Kf7 {21} 49. c5 {34} bxc5 {12} 50. bxc5 {5} Ne4 {9} 51. Kc4 {15} Ke8 {46}
52. Ne3 {11} f4 {28} 53. gxf4 {8} exf4 {8} 54. Nf1 {5} f3 {22} 55. Kd4 {8} Nf6
{8} 56. Ke3 {8} Nxd5+ {16} 57. Kxf3 {5} Kd7 {15} 58. Ng3 {13} Nf6 {17} 59. Kf4
{27} Kc6 {25} 60. Kg5 {22} Ng4 {26} 61. h4 {17} Ne5 {42} 62. Nxh5 {23} Nf3+ {12
} 63. Kg4 {16} Nxh4 {6} 64. Kxh4 {13} Kxc5 {
Paganel01 offers a draw (Lag: Av=0.39s, max=1.5s) 7} 1/2-1/2

[Event "CSS Freestyle 8th"]
[Site "playchess.com"]
[Date "2008.04.11"]
[Round "3"]
[White "Heffalump"]
[Black "Ragged"]
[Result "1/2-1/2"]
[WhiteElo "2561"]
[BlackElo "2403"]
[PlyCount "199"]
[EventDate "2008.04.11"]

1. Nf3 {12} d5 {112} 2. g3 {23} Nf6 {64} 3. Bg2 {22} Nc6 {10} 4. d4 {26} g6 {20
} 5. O-O {22} Bg7 {21} 6. c4 {219} dxc4 {19} 7. Na3 {112} O-O {4} 8. Nxc4 {19}
Bf5 {22} 9. b3 {524} Be4 {499} 10. Bb2 {11} Qc8 {243} 11. Nfe5 {18} Nxe5 {136}
12. Nxe5 {11} Bxg2 {18} 13. Kxg2 {3} Rd8 {280} 14. e3 {20} Nd5 {8} 15. Nd3 {25}
a5 {13} 16. Rc1 {89} Nb4 {189} 17. a4 {99} Nxd3 {5} 18. Qxd3 {1} c6 {94} 19.
Qe4 {17} e6 {25} 20. Ba3 {201} Qc7 {109} 21. f4 {354} Rd5 {105} 22. Rf2 {5}
Rad8 {71} 23. Rc4 {33} Bf6 {142} 24. Rfc2 {9} Kh8 {86} 25. Qf3 {85} Bg7 {76}
26. g4 {141} Kg8 {54} 27. g5 {8} h6 {90} 28. h4 {7} h5 {136} 29. Qe2 {81} Kh7 {
86} 30. Qf2 {140} Kh8 {99} 31. Bc5 {179} R5d7 {64} 32. Qf3 {190} Kh7 {75} 33.
Ba3 {12} Kg8 {116} 34. Qe4 {43} Rd5 {30} 35. Rc1 {48} Rf5 {19} 36. Kg1 {51} Qb6
{46} 37. Rb1 {44} Rfd5 {56} 38. Qg2 {63} Qc7 {35} 39. Rbc1 {8} R5d7 {24} 40.
Qc2 {50} Qb8 {65} 41. Qe4 {42} Re8 {32} 42. Kg2 {54} Qc7 {37} 43. Bc5 {47} Ra8
{62} 44. R4c3 {77} Rd5 {38} 45. Ba3 {18} Rc8 {47} 46. Rc4 {25} Rb8 {71} 47. Kh1
{32} Re8 {42} 48. Bc5 {21} Ra8 {37} 49. Kg2 {13} Rf5 {10} 50. Kh2 {40} Rd8 {33}
51. Ba3 {17} Qb6 {33} 52. Rb1 {15} Rfd5 {18} 53. Be7 {4} Rc8 {36} 54. Bc5 {42}
Qa6 {97} 55. Rbc1 {48} b6 {11} 56. Ba3 {4} c5 {33} 57. R1c2 {82} Qb7 {21} 58.
b4 {20} axb4 {23} 59. Bxb4 {3} Bf8 {78} 60. dxc5 {65} bxc5 {20} 61. Bc3 {4} Qb1
{65} 62. a5 {79} Bg7 {20} 63. Bxg7 {59} Kxg7 {12} 64. Qh1 {1} Rd1 {11} 65. Qg2
{10} Re1 {7} 66. a6 {82} Rxe3 {4} 67. Ra4 {55} c4 {24} 68. a7 {32} Ra8 {6} 69.
Raa2 {91} c3 {20} 70. Re2 {17} Rxe2 {7} 71. Qxe2 {9} Qb6 {19} 72. Qe5+ {12} Kh7
{32} 73. Qxc3 {9} Rxa7 {27} 74. Rxa7 {3} Qxa7 {5} 75. Kg2 {6} Qa8+ {12} 76. Kg3
{18} Kg8 {59} 77. Qb2 {13} Qc6 {8} 78. Qb8+ {13} Kg7 {11} 79. Qb2+ {11} Kh7 {5}
80. Qb4 {27} Qc2 {17} 81. Qb7 {37} Qd3+ {8} 82. Qf3 {65} Qxf3+ {9} 83. Kxf3 {4}
Kg8 {5} 84. Ke4 {11} Kf8 {7} 85. Ke5 {36} Ke7 {27} 86. Ke4 {5} f6 {19} 87.
gxf6+ {47} Kxf6 {4} 88. Ke3 {1} e5 {24} 89. Ke4 {24} exf4 {6} 90. Kxf4 {3} g5+
{4} 91. hxg5+ {9} Kg6 {3} 92. Kf3 {9} Kxg5 {4} 93. Kg3 {2} h4+ {4} 94. Kh3 {3}
Kh5 {3} 95. Kh2 {2} Kg4 {4} 96. Kg2 {2} h3+ {4} 97. Kh2 {4} Kh4 {4} 98. Kh1 {2}
Kg3 {4} 99. Kg1 {3} Kf3 {4} 100. Kh2 {
Ragged offers a draw (Lag: Av=0.97s, max=1.8s) 3} 1/2-1/2

[Event "CSS Freestyle 8th"]
[Site "playchess.com"]
[Date "2008.04.11"]
[Round "3"]
[White "Lombard1"]
[Black "Spaghetti Chess"]
[Result "0-1"]
[WhiteElo "2501"]
[BlackElo "2524"]
[PlyCount "150"]
[EventDate "2008.04.11"]

1. d4 {34} d5 {30} 2. Nf3 {36} Nf6 {197} 3. g3 {78} c6 {46} 4. Bg2 {16} Bf5 {26
} 5. c4 {43} e6 {48} 6. Nbd2 {98} h6 {323} 7. O-O {118} Be7 {177} 8. b3 {328}
Nbd7 {31} 9. Bb2 {60} O-O {25} 10. Ne5 {89} a5 {161} 11. a3 {24} Nxe5 {51} 12.
dxe5 {7} Nd7 {53} 13. e4 {295} dxe4 {140} 14. Bxe4 {200} Nc5 {11} 15. Bxf5 {131
} exf5 {28} 16. Nf3 {354} Qxd1 {360} 17. Raxd1 {11} Nxb3 {27} 18. Rd7 {3} Rfe8
{42} 19. Rxb7 {121} a4 {50} 20. Rc7 {66} Rab8 {84} 21. Rd1 {239} Red8 {32} 22.
Re1 {67} Bf8 {13} 23. Kg2 {138} Nc5 {66} 24. Bc1 {49} Nd3 {182} 25. Rf1 {4} Ra8
{136} 26. Rxc6 {145} Nxc1 {9} 27. Rxc1 {5} Bxa3 {15} 28. Ra1 {160} Bf8 {664}
29. Nh4 {63} g6 {31} 30. e6 {167} Rd6 {19} 31. exf7+ {36} Kxf7 {9} 32. Rc7+ {58
} Kf6 {4} 33. Ra2 {99} g5 {307} 34. Nf3 {10} a3 {23} 35. h3 {31} Rda6 {210} 36.
c5 {115} Rd8 {15} 37. c6 {153} Be7 {111} 38. h4 {Lombard1 bietet Remis 126} g4
{226} 39. Ne5 {12} Bd6 {8} 40. Nd7+ {18} Kg6 {12} 41. h5+ {16} Kxh5 {2} 42.
Nf6+ {6} Kg6 {7} 43. Rd7 {29} Rxd7 {7} 44. cxd7 {13} Be7 {8} 45. Nd5 {55} Kf7 {
7} 46. Nb4 {47} Rd6 {14} 47. Rxa3 {25} Rxd7 {7} 48. Rd3 {21} Rxd3 {7} 49. Nxd3
{Lombard1 bietet Remis 3} Bd6 {30} 50. f3 {87} Bc7 {38} 51. Nb4 {44} h5 {28}
52. Nd5 {53} Be5 {15} 53. Nb4 {7} Kg6 {21} 54. Nd3 {6} Bd6 {30} 55. Kf2 {7} h4
{20} 56. gxh4 {14} g3+ {4} 57. Kg2 {7} f4 {6} 58. Kh3 {29} Kh5 {15} 59. Nb2 {9}
Kg6 {18} 60. Nd3 {4} Kf5 {26} 61. Kg2 {19} Ke6 {38} 62. Kh3 {27} Kd5 {62} 63.
Ne1 {42} Kd4 {5} 64. Ng2 {10} Kd3 {20} 65. h5 {5} Ke2 {17} 66. Kg4 {66} Kf2 {5}
67. Kh3 {22} Kxf3 {7} 68. h6 {12} Bc7 {9} 69. Nh4+ {48} Kf2 {7} 70. Kg4 {10} f3
{6} 71. Nxf3 {54} g2 {6} 72. h7 {35} Be5 {5} 73. Kf5 {29} Kxf3 {11} 74. Kxe5 {3
} g1=Q {Lombard1 bietet Remis 8} 75. h8=Q {7} Qa1+ {
Lombard1 gibt auf (Lag: Av=0.45s, max=1.3s) 11} 0-1

[Event "CSS Freestyle 8th"]
[Site "playchess.com"]
[Date "2008.04.12"]
[Round "4"]
[White "Moro Gamgee"]
[Black "Enchanter"]
[Result "1/2-1/2"]
[WhiteElo "2444"]
[BlackElo "2580"]
[PlyCount "43"]
[EventDate "2008.04.11"]

1. e4 {14} c6 {11} 2. d4 {12} d5 {10} 3. e5 {8} c5 {43} 4. dxc5 {69} Nc6 {41}
5. Bb5 {87} e6 {54} 6. Be3 {68} Nge7 {54} 7. c3 {22} Nf5 {119} 8. Bd4 {57} Bd7
{78} 9. Bxc6 {131} Bxc6 {11} 10. Nf3 {31} Nxd4 {396} 11. Qxd4 {55} Qc7 {53} 12.
b4 {695} b6 {151} 13. cxb6 {4} axb6 {5} 14. O-O {11} Be7 {17} 15. Nbd2 {34} O-O
{25} 16. a3 {3} Ra4 {308} 17. c4 {117} Rfa8 {124} 18. Rac1 {153} Qb7 {75} 19.
cxd5 {80} Bxd5 {17} 20. Nc4 {4} Bxc4 {26} 21. Qxc4 {4} Rxa3 {3} 22. Nd4 {
Moro Gamgee offers a draw (Lag: Av=0.18s, max=0.5s) 25} 1/2-1/2

[Event "CSS Freestyle 8th"]
[Site "playchess.com"]
[Date "2008.04.12"]
[Round "4"]
[White "Lukulus"]
[Black "Intuitivestra"]
[Result "1-0"]
[WhiteElo "2420"]
[BlackElo "2345"]
[PlyCount "61"]
[EventDate "2008.04.11"]

1. d4 {10} e5 {45} 2. dxe5 {6} Nc6 {31} 3. Nf3 {6} Qe7 {29} 4. Nc3 {7} Nxe5 {23
} 5. Bf4 {458} Nxf3+ {30} 6. gxf3 {8} Qb4 {67} 7. Qd2 {138} d6 {131} 8. e4 {37}
Qxb2 {83} 9. Rb1 {80} Qa3 {4} 10. Nb5 {171} Qxf3 {202} 11. Nxc7+ {35} Kd7 {19}
12. Nxa8 {191} Qxh1 {22} 13. Qd5 {137} Nf6 {84} 14. Rxb7+ {68} Bxb7 {223} 15.
Qxb7+ {50} Kd8 {28} 16. Qb8+ {94} Kd7 {8} 17. Qxa7+ {28} Ke6 {9} 18. Nc7+ {23}
Ke7 {7} 19. Nb5+ {30} Nd7 {7} 20. Qb7 {25} f6 {24} 21. Bxd6+ {34} Ke8 {30} 22.
Qc8+ {32} Kf7 {9} 23. Qxd7+ {14} Kg6 {6} 24. Qe8+ {11} Kg5 {87} 25. Bxf8 {25}
Rxf8 {10} 26. Qxf8 {17} Qxe4+ {13} 27. Be2 {10} Qh1+ {4} 28. Kd2 {11} Qd5+ {5}
29. Bd3 {10} Kh6 {14} 30. Qe7 {35} Qg5+ {22} 31. Qe3 {
Intuitivestra gibt auf (Lag: Av=0.59s, max=7.8s) 43} 1-0

[Event "CSS Freestyle 8th"]
[Site "playchess.com"]
[Date "2008.04.12"]
[Round "4"]
[White "Heffalump"]
[Black "Pandini"]
[Result "1/2-1/2"]
[WhiteElo "2554"]
[BlackElo "2370"]
[PlyCount "66"]
[EventDate "2008.04.11"]

1. Nf3 {3} Nf6 {82} 2. b3 {31} c5 {159} 3. Bb2 {8} e6 {47} 4. e3 {56} Be7 {32}
5. Be2 {45} O-O {114} 6. O-O {3} Nc6 {20} 7. d4 {149} d5 {191} 8. dxc5 {16}
Bxc5 {26} 9. c4 {15} dxc4 {76} 10. Bxc4 {20} Qe7 {153} 11. Nbd2 {6} e5 {121}
12. Bb5 {203} e4 {53} 13. Bxc6 {5} bxc6 {5} 14. Ne5 {2} Ba6 {86} 15. Re1 {5}
Rac8 {83} 16. Qc2 {9} Bb4 {29} 17. a3 {50} Bxd2 {20} 18. Qxd2 {3} Rfd8 {19} 19.
Qa5 {94} Qb7 {114} 20. Rac1 {107} Rd5 {26} 21. Rc5 {23} Ne8 {97} 22. Rec1 {427}
Qxb3 {100} 23. Bd4 {232} Rxc5 {141} 24. Qxc5 {12} Rc7 {54} 25. Bc3 {102} Qb6 {
50} 26. Ba5 {58} Qxc5 {63} 27. Rxc5 {4} Rb7 {6} 28. Bb4 {10} Bb5 {71} 29. Nxc6
{36} Bxc6 {42} 30. Rxc6 {4} Rc7 {16} 31. Rxc7 {27} Nxc7 {3} 32. g4 {1} f6 {65}
33. f3 {51} exf3 {Pandini bietet Remis (Lag: Av=0.32s, max=1.0s) 30} 1/2-1/2

[Event "CSS Freestyle 8th"]
[Site "playchess.com"]
[Date "2008.04.12"]
[Round "4"]
[White "Spaghetti Chess"]
[Black "Rybusia"]
[Result "1/2-1/2"]
[WhiteElo "2540"]
[BlackElo "2469"]
[PlyCount "52"]
[EventDate "2008.04.11"]

1. e4 {38} e6 {35} 2. d4 {62} d5 {5} 3. Nc3 {12} Bb4 {18} 4. e5 {95} c5 {5} 5.
a3 {121} Bxc3+ {4} 6. bxc3 {12} Qa5 {3} 7. Bd2 {24} Qa4 {5} 8. Qg4 {15} g6 {29}
9. Qd1 {42} Nc6 {22} 10. Nf3 {16} c4 {18} 11. h4 {359} h6 {5} 12. g3 {14} f5 {
209} 13. Bg2 {383} Bd7 {50} 14. Qc1 {247} O-O-O {15} 15. Rb1 {17} Re8 {290} 16.
Kf1 {330} Re7 {108} 17. Ng1 {45} Reh7 {86} 18. Ne2 {40} Nge7 {71} 19. Qb2 {82}
Nd8 {197} 20. Bf3 {168} Nec6 {119} 21. Kg2 {111} Be8 {82} 22. Be3 {180} Qa5 {59
} 23. Rh2 {261} Qc7 {134} 24. Rbh1 {31} Na5 {161} 25. Qb4 {87} b6 {91} 26. Qb2
{28} Bc6 {Rybusia offers a draw (Lag: Av=0.23s, max=0.5s) 317} 1/2-1/2

[Event "CSS Freestyle 8th"]
[Site "playchess.com"]
[Date "2008.04.12"]
[Round "4"]
[White "Fredis_cpu"]
[Black "Averell"]
[Result "1/2-1/2"]
[WhiteElo "2523"]
[BlackElo "2451"]
[PlyCount "106"]
[EventDate "2008.04.11"]

1. e4 {4} e5 {3} 2. Nf3 {16} d6 {19} 3. d4 {40} exd4 {4} 4. Nxd4 {37} Nf6 {3}
5. Nc3 {29} Be7 {16} 6. Be2 {55} O-O {35} 7. O-O {55} Re8 {60} 8. Re1 {42} Bf8
{66} 9. Bg5 {308} h6 {330} 10. Bxf6 {71} Qxf6 {4} 11. Nd5 {211} Qd8 {5} 12. Bg4
{35} Nd7 {Averell bietet Remis 60} 13. c3 {128} c6 {47} 14. Nf4 {59} g6 {59}
15. Bh3 {119} Qf6 {114} 16. Nd3 {126} Ne5 {45} 17. Bxc8 {24} Raxc8 {7} 18. g3 {
103} c5 {197} 19. Nxe5 {9} dxe5 {21} 20. Nf3 {11} c4 {35} 21. Qe2 {28} Red8 {
185} 22. Red1 {33} b5 {180} 23. a4 {75} a6 {71} 24. axb5 {13} axb5 {11} 25. h4
{58} Qe6 {390} 26. Kg2 {50} h5 {66} 27. Rxd8 {56} Rxd8 {3} 28. Qe3 {16} Rd3 {78
} 29. Qa7 {27} Qg4 {90} 30. Ng5 {34} Qd7 {163} 31. Qb8 {148} Rd2 {15} 32. Qxe5
{50} Rxb2 {10} 33. Qf4 {25} b4 {81} 34. Ra8 {8} Qe7 {31} 35. cxb4 {30} Rxb4 {
146} 36. Rc8 {21} f6 {124} 37. Nh7 {28} Kxh7 {28} 38. Rc7 {13} c3 {15} 39.
Rxe7+ {147} Bxe7 {Averell bietet Remis 2} 40. Qc7 {127} Rxe4 {18} 41. Qxc3 {14}
Kg7 {51} 42. f3 {76} Re5 {53} 43. Qc7 {63} Re2+ {79} 44. Kf1 {37} Re3 {62} 45.
g4 {36} hxg4 {44} 46. fxg4 {42} Re5 {30} 47. Kg2 {49} Kf7 {46} 48. Qc4+ {17}
Kg7 {31} 49. Qc8 {21} Bc5 {35} 50. Qc7+ {17} Be7 {15} 51. Kf3 {12} Kf7 {16} 52.
Qb8 {16} Kg7 {23} 53. Qb6 {32} Bc5 {
Fredis_cpu bietet Remis (Lag: Av=0.28s, max=1.4s) 22} 1/2-1/2

[Event "CSS Freestyle 8th"]
[Site "playchess.com"]
[Date "2008.04.12"]
[Round "4"]
[White "Necromant"]
[Black "Murx"]
[Result "1/2-1/2"]
[WhiteElo "2352"]
[BlackElo "2557"]
[PlyCount "75"]
[EventDate "2008.04.11"]

1. e4 {6} c5 {17} 2. Nf3 {2} d6 {14} 3. d4 {5} cxd4 {10} 4. Nxd4 {7} Nf6 {13}
5. Nc3 {8} a6 {17} 6. Be3 {19} e6 {13} 7. f3 {15} b5 {16} 8. Qd2 {43} Nbd7 {18}
9. g4 {14} b4 {28} 10. Nce2 {43} h6 {22} 11. O-O-O {28} Qc7 {21} 12. Bg2 {325}
Ne5 {63} 13. Qxb4 {164} Nc4 {22} 14. Qc3 {64} d5 {20} 15. Bf4 {144} e5 {24} 16.
Bxe5 {12} Qxe5 {15} 17. Rhe1 {155} Qc7 {67} 18. Ng3 {75} Be7 {105} 19. Bf1 {114
} O-O {34} 20. exd5 {65} Qf4+ {34} 21. Kb1 {4} Nb6 {109} 22. Rxe7 {144} Nfxd5 {
32} 23. Qe1 {123} Nxe7 {80} 24. Qxe7 {0} Nd5 {72} 25. Qe1 {180} Ne3 {126} 26.
Qd2 {79} Bb7 {42} 27. Bd3 {133} Rad8 {127} 28. c3 {128} Rfe8 {48} 29. Rf1 {51}
a5 {351} 30. Rf2 {161} Bd5 {678} 31. Bb5 {229} Re5 {28} 32. a3 {118} Ba8 {218}
33. Nh5 {21} Qg5 {144} 34. f4 {35} Qg6+ {27} 35. Bd3 {14} Nc4 {14} 36. Qd1 {127
} Ne3 {38} 37. Qd2 {33} Nc4 {22} 38. Qd1 {
Necromant offers a draw (Lag: Av=0.58s, max=3.9s) 5} 1/2-1/2

[Event "CSS Freestyle 8th"]
[Site "playchess.com"]
[Date "2008.04.12"]
[Round "4"]
[White "Siciliane5"]
[Black "Gatewaymike"]
[Result "1/2-1/2"]
[WhiteElo "2401"]
[BlackElo "2362"]
[PlyCount "52"]
[EventDate "2008.04.11"]

1. e4 {1} e6 {17} 2. d4 {30} d5 {4} 3. Nc3 {28} Nf6 {146} 4. e5 {52} Nfd7 {7}
5. f4 {36} c5 {118} 6. Nf3 {18} Nc6 {23} 7. Be3 {16} cxd4 {358} 8. Nxd4 {13}
Bc5 {22} 9. Qd2 {15} O-O {47} 10. O-O-O {24} a6 {5} 11. Qf2 {51} Qe7 {231} 12.
Be2 {372} Nxd4 {132} 13. Bxd4 {39} b5 {55} 14. a3 {96} Rb8 {251} 15. Bxc5 {408}
Nxc5 {109} 16. Rhf1 {89} b4 {216} 17. axb4 {241} Rxb4 {4} 18. Rd4 {484} Qb7 {
389} 19. f5 {162} exf5 {718} 20. Rxb4 {121} Qxb4 {4} 21. Nxd5 {3} Qa5 {13} 22.
Qd4 {84} Ne6 {15} 23. Ne7+ {190} Kh8 {4} 24. Qc3 {2} Qxc3 {20} 25. bxc3 {3} g6
{9} 26. Rd1 {221} Bb7 {Gatewaymike offers a draw (Lag: Av=0.55s, max=1.9s) 193}
1/2-1/2

[Event "CSS Freestyle 8th"]
[Site "playchess.com"]
[Date "2008.04.12"]
[Round "4"]
[White "Sciolto"]
[Black "Snuggles"]
[Result "1/2-1/2"]
[WhiteElo "2499"]
[BlackElo "2508"]
[PlyCount "91"]
[EventDate "2008.04.11"]

1. e4 {40} c5 {62} 2. Nf3 {6} Nc6 {10} 3. d4 {8} cxd4 {4} 4. Nxd4 {6} Nf6 {3}
5. Nc3 {13} e5 {4} 6. Ndb5 {9} d6 {2} 7. Bg5 {46} a6 {6} 8. Na3 {7} b5 {6} 9.
Nd5 {13} Be7 {4} 10. Bxf6 {15} Bxf6 {2} 11. c3 {3} Bg5 {33} 12. Nc2 {18} Rb8 {
13} 13. a4 {20} bxa4 {7} 14. Ncb4 {13} Nxb4 {37} 15. cxb4 {78} Bd7 {13} 16.
Bxa6 {24} O-O {4} 17. O-O {30} Bc6 {1} 18. Rxa4 {22} Bxa4 {0} 19. Qxa4 {7} Kh8
{2} 20. b5 {389} Qd7 {6} 21. Qc4 {15} f5 {48} 22. exf5 {26} Qxf5 {11} 23. b6 {3
} e4 {25} 24. b7 {46} Bf4 {57} 25. g3 {232} Be5 {64} 26. Ne7 {17} Qf3 {451} 27.
Qd5 {5} Qf7 {544} 28. Qxf7 {5} Rxf7 {0} 29. Nc6 {15} Rfxb7 {5} 30. Bxb7 {14}
Rxb7 {5} 31. b4 {3} Bf6 {638} 32. Rd1 {9} Kg8 {339} 33. Rxd6 {34} Kf8 {17} 34.
Re6 {344} Rb6 {49} 35. Kf1 {6} Kf7 {151} 36. Rd6 {5} Ke8 {278} 37. Ke2 {5} Bc3
{16} 38. Ke3 {3} Bxb4 {6} 39. Rd8+ {6} Kf7 {6} 40. Ne5+ {398} Ke7 {6} 41. Rg8 {
3} Re6 {168} 42. Kd4 {6} Kf6 {114} 43. Nd7+ {9} Kf7 {31} 44. Rb8 {6} Rd6+ {97}
45. Kxe4 {30} Rxd7 {Sciolto offers a draw 12} 46. Rxb4 {
(Lag: Av=0.27s, max=1.3s) 29} 1/2-1/2

[Event "CSS Freestyle 8th"]
[Site "playchess.com"]
[Date "2008.04.12"]
[Round "4"]
[White "Abeljusto"]
[Black "Spidey"]
[Result "1-0"]
[WhiteElo "2418"]
[BlackElo "2397"]
[PlyCount "61"]
[EventDate "2008.04.11"]

1. c4 {23} c6 {17} 2. e4 {30} d5 {28} 3. exd5 {12} cxd5 {116} 4. d4 {12} Nf6 {
80} 5. Nc3 {11} e6 {156} 6. Nf3 {87} Be7 {176} 7. cxd5 {90} Nxd5 {9} 8. Bc4 {
181} O-O {306} 9. O-O {24} Nc6 {16} 10. Re1 {192} a6 {50} 11. Bb3 {215} Nxc3 {
69} 12. bxc3 {15} b5 {38} 13. Bf4 {199} Bb7 {375} 14. Bc2 {71} Rc8 {292} 15.
Re3 {14} Bf6 {498} 16. Qb1 {353} g6 {44} 17. Be4 {18} Qb6 {298} 18. Bg5 {11}
Bxg5 {97} 19. Nxg5 {7} Ne7 {18} 20. Rh3 {201} Bxe4 {9} 21. Qxe4 {19} h5 {15}
22. Rxh5 {28} Nf5 {305} 23. Rh3 {11} b4 {49} 24. g4 {301} Ng7 {51} 25. Nh7 {44}
f5 {13} 26. Qf4 {58} Rxc3 {162} 27. Rxc3 {32} bxc3 {3} 28. Nxf8 {44} Kxf8 {2}
29. Rc1 {51} Qb2 {42} 30. h3 {96} Kg8 {28} 31. Qe3 {
Spidey gibt auf (Lag: Av=0.41s, max=1.1s) 33} 1-0